00625nam a22001817a 450000500170000001000150001702000260003203500140005803700130007208200140008510000240009924501340012326000450025727000590030230000270036150000370038870000180042520180419112615.0 aENG-122467 a9788171393701c900.00 aEN-105999 bDBAD/PUB a327.54081 aYadav, Surya Narain aBrazil, india and south africa :cby Surya Narain Yadav [and] Indu Baghelbtrilateral cooperation for democracy and development / aNew DelhibJnanada Prakashan (P&D)c2010 a4837/2, 24, Ansari Road, Daryaganj,bNew Delhie110002 a294p.bill. c21cm(Hb) aInclude bibliography [and] index dBaghel, Indu